| 000 | 01717nam a22001577a 4500 | ||
|---|---|---|---|
| 041 | _aukr | ||
| 080 | _a09 | ||
| 090 | _bГРИ | ||
| 100 | _aГрищеня О. П. | ||
| 245 | _aСпособи вираження концепту "Добро" англійською та українською мовами на основі тексту Євангеліє від Луки | ||
| 260 |
_aОстрог _bКАФ _c2012 |
||
| 300 | _a63 | ||
| 520 |
_aРОЗДІЛ 1. ТЕОРЕТИЧНІ АСПЕКТИ ДОСЛІДЖЕННЯ КОНЦЕПТУ "ДОБРО".
1.1. Концепт "добро" в контексті мовної та концептуальної картини світу.
1.2. Концепт як обєкт досліджень в науці про мову.
1.3. Загальнофілософські та оцінні уявлення про добро.
1.4. Євангеліє від Луки – наука творити добро.
РОЗДІЛ 2. СПОСОБИ ПЕРЕДАЧІ КОНЦЕПТУ "ДОБРО" АНГЛІЙСЬКОЮ ТА УКРАЇНСЬКОЮ МОВАМИ НА ОСНОВІ ТЕКСТУ ЄВАНГЕЛІЯ ВІД ЛУКИ.
2.1. Вербалізація концепту "Добро" в англійській та українській мовах.
2.2. Вираження концептів "good/добро" в англійскому й українському текстах Євангелія від Луки.
2.3. Спільні та відмінні риси лексико-семантичного поля "good/добро" в англійській та українській мовах. _0добро, євангеліє |
||
| 650 | _aResearch Papers | ||
| 999 |
_c284972 _d284972 |
||
| 942 | _cBK | ||